Slovinsko - země blízká i vzdálená
Makroekonomická stratégia a vývoj po získaní nezávislosti v roku 1991 až po súčasnosť. Hospodárska stabilizácia. Hospodársky vývoj. Cenový vývoj. Menová politika. Nezamestnanosť. Mzdy.
Guardado en:
| Autor principal: | |
|---|---|
| Formato: | Capítulo de libro |
| Lenguaje: | checo |
| Materias: | |
| Etiquetas: |
Sin Etiquetas, Sea el primero en etiquetar este registro!
|
MARC
| LEADER | 00000naa a2200000 4500 | ||
|---|---|---|---|
| 001 | r017639 | ||
| 005 | 20221205101445.4 | ||
| 041 | 0 | |a cze | |
| 044 | |a CZ | ||
| 245 | 1 | 0 | |a Slovinsko - země blízká i vzdálená |c E. Žižmond |
| 520 | |a Makroekonomická stratégia a vývoj po získaní nezávislosti v roku 1991 až po súčasnosť. Hospodárska stabilizácia. Hospodársky vývoj. Cenový vývoj. Menová politika. Nezamestnanosť. Mzdy. | ||
| 610 | 2 | 0 | |a vývoj hospodársky |
| 610 | 2 | 0 | |a stabilizácia hospodárstva |
| 610 | 2 | 0 | |a ceny |
| 610 | 2 | 0 | |a politika menová |
| 610 | 2 | 0 | |a nezamestnanosť |
| 610 | 2 | 0 | |a mzdy |
| 610 | 2 | 0 | |a Slovinsko |
| 100 | 1 | |a Žižmond, E. | |